Rollerama / (Record no. 3636)
[ view plain ]
| 000 -LEADER | |
|---|---|
| fixed length control field | 00752nam a22002297a 4500 |
| 001 - CONTROL NUMBER | |
| control field | 3636 |
| 003 - CONTROL NUMBER IDENTIFIER | |
| control field | FISKH |
| 005 - DATE AND TIME OF LATEST TRANSACTION | |
| control field | 20240401160628.0 |
| 008 - FIXED-LENGTH DATA ELEMENTS--GENERAL INFORMATION | |
| fixed length control field | 240401b cb ||||| |||| 00| 0 eng d |
| 040 ## - CATALOGING SOURCE | |
| Original cataloging agency | FISK |
| Language of cataloging | eng |
| Transcribing agency | FISK |
| Modifying agency | FISK |
| 082 ## - DEWEY DECIMAL CLASSIFICATION NUMBER | |
| Classification number | 558 |
| 100 ## - MAIN ENTRY--PERSONAL NAME | |
| Personal name | Hinchliffe Jo |
| Dates associated with a name | 1940- |
| 245 ## - TITLE STATEMENT | |
| Title | Rollerama / |
| Statement of responsibility, etc. | Jo Hinchliffe |
| 260 ## - PUBLICATION, DISTRIBUTION, ETC. | |
| Place of publication, distribution, etc. | South Melbourne : |
| Name of publisher, distributor, etc. | Wesley Longman Australia Pty Limited, |
| Date of publication, distribution, etc. | 1996 |
| 300 ## - PHYSICAL DESCRIPTION | |
| Extent | 62 pages : |
| Other physical details | illustrations, |
| Dimensions | 21 cm |
| 505 ## - FORMATTED CONTENTS NOTE | |
| Formatted contents note | Q |
| 520 ## - SUMMARY, ETC. | |
| Summary, etc. | Cassidy seriously doubts her father when he claims to be a skater of Great Excellence, but he has a chance to prove himself at the big concert at Rollerama. |
| 521 8# - TARGET AUDIENCE NOTE | |
| Target audience note | 890 |
| Source | Lexile |
| 700 ## - ADDED ENTRY--PERSONAL NAME | |
| Personal name | Jo Hinchliffe |
| 942 ## - ADDED ENTRY ELEMENTS (KOHA) | |
| Source of classification or shelving scheme | Dewey Decimal Classification |
| Koha item type | Books |
| Suppress in OPAC | No |
| Withdrawn status | Lost status | Source of classification or shelving scheme | Damaged status | Not for loan | Collection | Home library | Current library | Shelving location | Date acquired | Total Checkouts | Full call number | Barcode | Date last seen | Copy number | Price effective from | Koha item type |
|---|---|---|---|---|---|---|---|---|---|---|---|---|---|---|---|---|
| Dewey Decimal Classification | Fiction | Footprints International School Library Network Toul Kork Campus | Footprints International School Library Network Toul Kork Campus | TTP Secondary Fiction Bookshelves | 04/01/2024 | HIN 558 | 2024-0432 | 04/01/2024 | 1 | 04/01/2024 | Books |
